000 00760 a2200229 4500
999 _c9507
_d9507
020 _a0620073470
050 0 0 _aKF1365 WIL 1975
100 1 _aWille, George,
_d1880-1966.
245 1 0 _aWille and Millin's Mercantile law of South Africa /
_cby Philip Millin and George Wille.
250 _a17th ed. /
_bedited by J.F. Coaker and D.T. Zeffertt.
264 _aJohannesburg:
_bHortos stationery.,
_c1975
300 _aciv, 952 p. ;
500 _aKept up to date by supplements.
500 _aIncludes indexes.
504 _aBibliography: p. ciii-civ.
650 0 _aCommercial law
700 1 _aMillin, Philip,
_d1888-1952.
700 1 _aCoaker, J. F.
700 1 _aZeffertt, D. T.
_q(David T.)
942 _2lcc
_cBK
_h1365
_iWIL
_kKF